Cambio de rumbo: una nueva vía chilena a la educación
保存先:
| 第一著者: | |
|---|---|
| フォーマット: | 図書 |
| 言語: | スペイン語 |
| 出版事項: |
Santiago
Random House Mondadori
2013
|
| 版: | 2a. ed |
| シリーズ: | Debate. Actualidad
|
| 主題: | |
| タグ: |
タグ追加
タグなし, このレコードへの初めてのタグを付けませんか!
|
MARC
| LEADER | 00000cam a2200000 a 4500 | ||
|---|---|---|---|
| 001 | UCD1639 | ||
| 003 | CL-VaPUC | ||
| 008 | 160316e20131100cl |||||||||||||||||spa|d | ||
| 020 | |a 9789568410797 | ||
| 082 | 0 | 4 | |a 370.115 |b WAI |2 21 |
| 100 | 0 | |a Waissbluth S., Mario |e author |9 584775 | |
| 245 | 1 | 0 | |a Cambio de rumbo: una nueva vía chilena a la educación |
| 250 | |a 2a. ed | ||
| 300 | |a 242 p | ||
| 942 | |c BK | ||
| 945 | |d 20160316 17:23:00 |a arojas | ||
| 260 | |a Santiago |b Random House Mondadori |c 2013 | ||
| 650 | 0 | |a Reforma educacional |9 256319 | |
| 650 | 7 | |a REFORMA EDUCACIONAL CHILENA |2 CL-VaPUC |9 463364 | |
| 650 | 0 | |a Sistemas educacionales |9 324695 | |
| 650 | 0 | |a Filosofía de la educación |9 258384 | |
| 650 | 0 | |a Calidad de la educación |9 307271 | |
| 651 | 7 | |a CHILE |2 CL-VaPUC |9 584776 | |
| 651 | 7 | |a SINGAPUR |2 CL-VaPUC |9 441008 | |
| 583 | |a last modification |c 20170227 10:59:16 |k Rodrigo Vera | ||
| 490 | 0 | |a Debate. Actualidad | |
| 999 | |c 362910 |d 362908 | ||
| 952 | |0 0 |1 0 |3 erb |4 0 |6 370_115000000000000_WAI_2013 |7 0 |8 A |9 474506 |a BIBDER |b BIBDER |i 526751K |o 370.115 WAI 2013 |p 526751K |r 2023-01-25 |w 2019-11-24 |y BK |z Catalogado en:20160316 |k CED | ||